Statistics for Flags of Autonomous or Unrecognized Regions by Picture

Click here to take the quiz!

General Stats

  • This quiz has been taken 108 times
    (97 since last reset)
  • The average score is 61 of 320

Answer Stats

Answer% Correct
Taiwan
91%
Greenland
90%
Scotland
90%
Catalonia
88%
Kosovo
87%
Puerto Rico
84%
Hong Kong
82%
Palestine
82%
South Island
82%
Wales
82%
Faroe Islands
79%
Tibet
78%
Macau
76%
Somaliland
76%
Western Sahara
75%
Guam
74%
Texas
74%
Vatican City
74%
Kurdistan
72%
Northern Cyprus
72%
South Ossetia
72%
Abkhazia
71%
Cook Islands
71%
Gibraltar
68%
Transnistria
68%
California
66%
Isle of Man
66%
Niue
66%
Northern Ireland
66%
Aland
65%
Artsakh
62%
Corsica
60%
French Guiana
60%
US Virgin Islands
59%
Falkland Islands
57%
Sardinia
57%
Aruba
56%
Quebec
56%
French Polynesia
54%
Sicily
53%
Chechnya
51%
Curaçao
51%
Donetsk
51%
New Caledonia
51%
Tokelau
51%
Basque Country
50%
Bavaria
50%
Reunion
49%
Alaska
47%
Cocos (Keeling) Islands
47%
Luhansk
47%
Mon
47%
Bermuda
46%
Galicia
46%
Wallis and Futuna
46%
Brittany
43%
Canary Islands
43%
Martinique
43%
Northern Mariana Islands
43%
St Pierre and Miquelon
43%
Bougainville
40%
Christmas Islands
40%
Norfolk Island
38%
Sint Maarten
35%
Turks and Caicos
35%
Flanders
34%
Karakalpakstan
34%
Montserrat
34%
Nevis
34%
Anguilla
32%
Tuva
32%
Wallonia
32%
Tatarstan
31%
Jammu and Kashmir
29%
Kalmykia
29%
Puntland
29%
Cayman Islands
28%
Conch Republic
28%
Nunavut
28%
Occitania
28%
Andalusia
26%
Karelia
26%
Madeira
26%
Mayotte
26%
Lombardy
25%
Vojvodina
25%
Xinjiang
25%
Assyria
24%
Cornwall
24%
Darfur
24%
Maori
24%
Sao Paulo
24%
South Yemen
24%
West Papua
24%
Berber
22%
Dagestan
22%
Ingushetia
22%
Rapa Nui
22%
Saint Martin
22%
Tasmania
22%
Valencia
22%
Adygea
21%
Bashkortostan
21%
Buryatia
21%
Zanzibar
21%
Balochistan
19%
Barbuda
19%
Gagauzia
19%
Manchuria
19%
New Hampshire
19%
Republika Srpska
19%
Ambazonia
18%
Asturias
18%
Normandy
18%
Sikkim
18%
Cascadia
16%
Illocos
16%
Mordovia
16%
Navarre
16%
Northern Territory
16%
Sapmi
16%
Altai
15%
Amazonas
15%
Aosta
15%
Tuscany
15%
Udmurtia
15%
Veneto
15%
Vermont
15%
Western Australia
15%
Adjara
13%
Alberta
13%
Azawad
13%
La Rioja
13%
New England
13%
East African Federation
12%
Kharkov
12%
Mount Athos
12%
Ryukyu
12%
Saskatchewan
12%
Silesia
12%
Victoria
12%
Yucatan
12%
Extremadura
10%
Jewish Autonomous Oblast
10%
South Tyrol
10%
Transvaal
10%
Transylvania
10%
Yorkshire
10%
Anjouan
9%
Apache
9%
Kashubia
9%
Katanga
9%
Liberland
9%
Molossia
9%
Navajo Nation
9%
Netherlands Antilles
9%
Patagonia
9%
Rojava
9%
State of Jefferson
9%
Trieste
9%
Aceh
7%
Barotseland
7%
Chuuk
7%
Frisia
7%
Istria
7%
Johor
7%
Nakhchivan
7%
Sarawak
7%
Sindh
7%
Aboriginal Australians
6%
Baja California
6%
Biafra
6%
Espirito Santo
6%
Gilgit-Baltistan
6%
Moheli
6%
Moravia
6%
Sabah
6%
Savoy
6%
Sejong
6%
Szekely Land
6%
Tigray
6%
Torres Strait Islands
6%
Western Togoland
6%
Alsace-Lorraine
4%
Friuli
4%
Groningen
4%
Guangxi
4%
Herzeg-Bosnia
4%
Italian Social Republic
4%
Ningxia
4%
Oromia
4%
Provence
4%
Rif
4%
Rostov
4%
Rotuma
4%
Saxony
4%
Shetlands
4%
Tamil Eelam
4%
Wa State
4%
Cabinda
3%
Fejuve
3%
Gozo
3%
Hatay
3%
Hutt River
3%
Kabylia
3%
Kachin
3%
Koryak
3%
Mendoza
3%
New Afrika
3%
Padania
3%
Rhineland
3%
Rodrigues
3%
San Andres
3%
Scania
3%
Seborga
3%
South Azerbaijan
3%
Sovereign Military Order of Malta
3%
Transcaucasian Republic
3%
Tristan De Cunha
3%
Wessex
3%
Zulia
3%
Afar
1%
Agadez
1%
Ainu Republic
1%
Calabria
1%
Campione d' Italia
1%
Champa
1%
Cospaia
1%
Dervish State
1%
Fezzan
1%
Freetown Christiania
1%
Heligoland
1%
Ingria
1%
Javakheti
1%
Khalistan
1%
Lakotah
1%
Lunda-Tchokwe
1%
Manipur
1%
Murrawarri Republic
1%
Muskogee
1%
Nagaland
1%
New Ireland
1%
Nordeste
1%
Pomerania
1%
Rakhine State
1%
Refreshment Islands
1%
Santa Cruz
1%
Shanghai
1%
Sul
1%
Sulu
1%
Thrace
1%
Turkmeneli
1%
Western Canada
1%
West Timor
1%
Yorubaland
1%
Zapatista
1%
Arunachal Pradesh
0%
Ashantiland
0%
Assam
0%
Aztlan
0%
Bakassi
0%
Banat Republic
0%
Basuria
0%
Belearic Islands
0%
Budjak
0%
Cantonia
0%
Cape Republic
0%
Carinthia
0%
Carpathia Rus
0%
Castilla-Da Mache
0%
Chinland
0%
Chittagong Hill Tracts
0%
Cochabamba
0%
Cordillera
0%
Deseret
0%
Don Republic
0%
East Anglia
0%
East Belgium
0%
Emilia-Romagna
0%
Guayaquil
0%
Kalimantan
0%
Karenni
0%
Kavangoland
0%
Kingdom of Elleore
0%
Kirat
0%
Kivu
0%
Krom Federation
0%
Liguria
0%
Lokot Autonomy
0%
Lusitania
0%
Malaita
0%
Matabeleland
0%
Maule Sur
0%
Mercia
0%
Mezzogiorno
0%
Minerva
0%
Mombasa
0%
Northumbria
0%
Novorissiya
0%
Nung Autonomous Territory
0%
Odudwa
0%
Pashtunistan
0%
Rajasthan
0%
Republic of Maryland
0%
Romandy
0%
Sedang
0%
Senusiyya
0%
Shan States
0%
South Congo
0%
South Malukus
0%
Spratly Islands
0%
Talysh-Mughan
0%
Taymyr
0%
Temotu
0%
Toubouland
0%
United Tribes of New Zealand
0%
Volkstaat
0%
Wallmapu
0%
Yanbian
0%
Zogam
0%

Score Distribution

Percentile by Number Answered

Percent of People with Each Score

Your Score History

You have not taken this quiz since the last reset